| 000 | 00928cam a22002771 4500 | ||
|---|---|---|---|
| 001 | sg 45000180 | ||
| 003 | DLC | ||
| 005 | 20260227112745.0 | ||
| 008 | 770909s1945 xx 000 0 eng c | ||
| 010 | _asg 45000180 | ||
| 035 | _a(OCoLC)3254545 | ||
| 040 |
_aU.S. Surg.-gen. off. Libr. _cOC _dDLC |
||
| 042 | _apremarc | ||
| 050 | 0 | 0 |
_aQP36 _b.W533 |
| 082 | _a613 | ||
| 100 | 1 |
_aWilson, Charles Christopher, _d1895- |
|
| 245 | 1 | 0 |
_aLife and health, _cby Charles C. Wilson, John L. Bracken [and] John C. Almack. |
| 260 |
_aIndianapolis, _aNew York, _bThe Bobbs-Merrill Co. _c[1945] |
||
| 300 |
_ax, 547 p. incl. illus., tables, diagr. _c24 cm. |
||
| 504 | _a"Suggested readings." at end of each chapter. | ||
| 500 | _a"Suggested visual aids": p. 527-530. | ||
| 650 | 0 | _aHygiene. | |
| 650 | 0 | _aPhysiology. | |
| 700 | 1 |
_aBraken, John Lewis, _d1891- _ejoint author. |
|
| 700 | 1 |
_aAlmack, John Conrad, _d1883- _ejoint author. |
|
| 999 |
_c90608 _d90608 |
||